La basura: juego, trabajo y aprendo

Spremljeno u:
Bibliografski detalji
Glavni autor: Murillo Sánchez, Marielos
Format: Tekst
Izdano: Heredia: Editorial Fundación UNA
Oznake: Dodaj oznaku
Bez oznaka, Budi prvi tko označuje ovaj zapis!

MARC

LEADER 00000 a a2200000 04500
001 22806
003
040
090 |a 157000  
100 |a Murillo Sánchez, Marielos  
245 |a La basura: juego, trabajo y aprendo  
260 |a Heredia:   |b Editorial Fundación UNA  
300 |a 33 p.  
999 |c 15856  |d 15856